Združovanie prostriedkov socialistických organizácií v investičnej výstavbe záverečná práca postgraduálneho štúdia

Saved in:
Bibliographic Details
Main Author: Pasiarová, Alžbeta
Corporate Author: Vysoká škola ekonomická v Bratislave
Other Authors: Sabo, Mikuláš
Format: Book
Language:Slovak
Published: Bratislava 1989
Tags: Add Tag
No Tags, Be the first to tag this record!

MARC

LEADER 00000nam a2200000 4500
001 c030866
005 20260108100127.6
041 0 |a slo 
044 |a SK 
245 1 0 |a Združovanie prostriedkov socialistických organizácií v investičnej výstavbe  |b záverečná práca postgraduálneho štúdia  |c Alžbeta Pasiarová ; ved. práce Mikuláš Sabo 
264 1 |a Bratislava  |c 1989 
300 |a 42 s. 
100 1 |a Pasiarová, Alžbeta 
700 1 |a Sabo, Mikuláš 
710 2 |a Vysoká škola ekonomická v Bratislave